000 00793nam a22002417a 4500
003 UA-OsUOA
001 127540
007 ta
008 20171204b un ||||| |||| 00| 0 ukr d
100 _aКостін О.Ю.
700 _aЛуценко І.С.
700 _aХомутенко В.П.
090 _a34
_bК72
942 _cSA
040 _aUA-OsUOA
_bukr
_cUA-OsUOA
_dUA-OsUOA
245 _aАктуальні питання реформування законодавства у сфері судово-експертної діяльності в Україні
300 _aС.24-30
955 _a0
041 _aukr
080 _a34
773 0 _w127536
_tЕкономіка. Фінанси. Право.
_dК.
_d2017
_g10
650 7 _a34 Право. Юриспруденція
_2UDC
999 _c414664
_d414664